• 首页
  • 本馆介绍
  • 公告通知
  • 最新文献
  • 馆藏检索
  • 电子资源
  • 读者导购
  • 参考咨询
  • 我的图书馆
  • 登录
  • 详细信息显示
  • 放入我的书架
  • 预约/预借图书
  • 作者相关作品
  • 分类相关作品
  • 丛书相关作品
  • 出版社相关作品

书目信息

  • 表格格式
  • 工作单格式
  • 卡片格式
题名:
大学英语六级考试90分突破
    
 
作者: 王长喜 , 许卉艳 主编 ;全国大学英语六级考试命题研究组 编
分册:   模拟分册
出版信息: 北京   学苑出版社  2002
页数: 310页
开本: 20cm
丛书名: 王长喜教育考试图书系列
单 册:
中图分类: H310.42 , H319.6
科图分类:
主题词: 英语--高等学校--水平考试--教学参考资料 , 英语--高等学校--水平考试--试题 , 英语
电子资源:
ISBN: 7-5077-0768-7
000 01256oam2 2200337 450
001 1233750015
005 20121013092328.28
010    @a7-5077-0768-7@dCNY13.00
100    @a20020305d2002 emky0chiy0110 ea
101 0  @achi@aeng
102    @aCN@b110000
105    @ay z 000yy
200 1  @a大学英语六级考试90分突破@Ada xue ying yu liu ji kao shi 90 fen tu po@i模拟分册@f王长喜,许卉艳主编@g全国大学英语六级考试命题研究组编
205    @a3版
210    @a北京@c学苑出版社@d2002
215    @a310页@d20cm
225 2  @a王长喜教育考试图书系列
300    @a王长喜网络教学讲授课本
330    @a本书共收录了十套完全按照考试真题的形式设计的模拟试题,每套试题都涵括了《大学英语考试大纲》规定的测试题型和1997年以后新增的题型。
461  0 @12001 @a王长喜教育考试图书系列
510 1  @aBreaking 90' of CET 6@iModel Tests@zeng
606 0  @a英语@x高等学校@x水平考试@j教学参考资料
606 0  @a英语@x高等学校@x水平考试@x试题
606 0  @a英语
690    @aH310.42@v4
690    @aH319.6@v4
701  0 @a王长喜@Awang chang xi@4主编
701  0 @a许卉艳@Axu hui yan@4主编
712 02 @a全国大学英语六级考试命题研究组@Aquan guo da xue ying yu liu ji kao shi ming ti yan jiu zu@4编
801  0 @aCN@bNLC@c20101222
905    @a10447@dH310.42@eJY434
    
    大学英语六级考试90分突破.模拟分册/王长喜,许卉艳主编/全国大学英语六级考试命题研究组编.-3版.-北京:学苑出版社,2002
    310页;20cm.-(王长喜教育考试图书系列)
    王长喜网络教学讲授课本
    
    ISBN 7-5077-0768-7:CNY13.00
    本书共收录了十套完全按照考试真题的形式设计的模拟试题,每套试题都涵括了《大学英语考试大纲》规定的测试题型和1997年以后新增的题型。
●
相关链接 在E读中查询图书 在五车中查询图书 在当当中查询图书 在豆瓣中查询图书


正题名:大学英语六级考试90分突破     索取号:H310.42/JY434         预约/预借

序号 登录号 条形码 馆藏地/架位号 状态 备注
1 7821990   278219900   学院路分馆/ [索取号:H310.42/JY434] 在馆    
2 7821991   278219919   学院路分馆/ [索取号:H310.42/JY434] 在馆    
3 7821992   278219928   学院路分馆/ [索取号:H310.42/JY434] 在馆    
4 7821993   278219937   学院路分馆/ [索取号:H310.42/JY434] 在馆    
唐山师范学院图书馆 欢迎您!
大连网信软件有限公司© 版权所有